[Event "FIDE WCCC U12 2018"]
[Site "Santiago de Compostela"]
[Date "2018.11.12"]
[Round "8"]
[White "Ghazarian, Kirk"]
[Black "Gukesh D"]
[Result "0-1"]
[WhiteElo "2264"]
[BlackElo "2457"]
[Annotator "TA"]
[PlyCount "153"]
[EventDate "2018.11.04"]
[EventType "swiss"]
[EventCountry "ESP"]
[SourceTitle "playchess.com"]
[Source "ChessBase"]
[SourceQuality "1"]

{[%evp 29,153,43,48,41,59,8,53,1,45,0,0,0,0,0,17,0,0,0,13,16,8,0,0,-16,-22,-16,0,0,0,0,0,0,0,0,0,-31,-33,-36,-37,-16,-15,-37,-25,-18,-18,-18,-18,-18,-18,-39,-24,-63,-69,-129,-119,-189,-37,-22,-31,-45,-43,-37,-27,-60,0,-92,-92,-92,-92,-92,-92,-612,-612,-612,-612,-605,-605,-605,-605,-605,-605,-597,-597,-591,-557,-557,-529,-467,-418,-1235,-1222,-1060,-1090,-2793,-2793,-2523,-2446,-2161,-1186,-2267,-2295,-2226,-1617,-1323,-1043,-2259,-1605,-29974,-29975,-29975,-29976,-29976,-29977,-29977,-29978,-29978,-29978,-29981,-29982,-29982,-29983,-29984,-29985,-29985,-29986,-29987]} 1. d4 Nf6 2. c4 g6 3. g3 Bg7 4. Bg2 O-O 5. Nc3 d6 6. Nf3 Nbd7 7. O-O e5 8. e4 c6 9. Be3 Ng4 10. Bg5 Qb6 11. h3 Ngf6 12. dxe5 dxe5 13. Qc2 Re8 14. Be3 Qc7 15. Rfd1 {E69: King's Indian: Fianchetto: 6...Nbd7 7 0-0 e5 8 e4 c6 9 h3} (15. Rad1 Nf8 16. c5 Ne6 17. b4 b6 18. cxb6 axb6 19. Ng5 Nxg5 20. Bxg5 Qe7 21. b5 Be6 22. bxc6 Qc5 23. Qb2 Bc4 24. Rfe1 Qxc6 25. a4 Rec8 26. Be3 Rab8 {½-½ (24) Luna Cortes,L (2270)-Martinez Lopez,I (2243) Barcelona 2017}) 15... Bf8 {LiveBook: 3 Games} 16. Rab1 a5 $146 ({Predecessor:} 16... Nh5 17. Ne1 Ng7 18. Nd3 Ne6 19. Nc1 {½-½ (31) Ceccato,V-Wade,R Reggio Emilia 1951}) 17. b3 (17. Na4 $14) 17... b6 18. Kh2 (18. Na4 $14) 18... Bb7 19. Ne1 Bc5 20. Bg5 Be7 21. Be3 Bc5 22. Bg5 Be7 23. Be3 Nc5 24. Nd3 Nfd7 25. Nxc5 Bxc5 26. Na4 Bxe3 27. fxe3 Rad8 28. Rd2 Nf8 29. Rbd1 Ne6 30. Qc3 Rxd2 31. Rxd2 Ba6 32. Bf3 h5 33. Bg2 Rc8 34. h4 b5 35. cxb5 $1 cxb5 36. Qxc7 Rxc7 37. Nb6 b4 38. Nd7 Rc3 39. Nxe5 Nc5 40. Nc6 Nxb3 $1 41. Rd8+ ({White should play} 41. Rd6 $15 Nc5 42. Nxa5) 41... Kg7 $17 42. Nb8 (42. e5 $17 {keeps fighting.} Nc1 43. Bd5) 42... Nc5 $2 (42... Bb5 $19 43. axb3 Rxb3) 43. Nxa6 $15 Nxa6 {[%mdl 4096] Endgame KRB-KRN} 44. Ra8 Nc5 {[#] Hoping for ...Ra3.} ({But not} 44... Rxe3 $6 45. Rxa6 Ra3 46. Kh3 $14) 45. Rxa5 Nd3 46. e5 Ra3 (46... Nf2 $15) 47. Rb5 (47. Rxa3 $1 $11 {remains equal.} bxa3 48. Bd5) 47... Rxa2 $17 {And now ...Ne1 would win.} 48. Kg1 Re2 49. Bf1 Rxe3 50. Bxd3 $2 {[%mdl 8192]} (50. Kh2 $17) 50... Rxg3+ $19 (50... Rxd3 $2 51. Kf2 $17) 51. Kh2 Rxd3 52. Rxb4 {KR-KR} Re3 53. Rb5 Kf8 54. Kg2 Ke7 55. Kf2 Re4 56. Kg3 Ke6 57. Rb7 Rxe5 58. Kf4 {[#] aiming for Rb6+.} Rf5+ 59. Ke4 (59. Kg3 $142) 59... Rf1 60. Rb6+ Ke7 61. Rb7+ Kf6 62. Rb6+ Kg7 63. Rb4 f6 64. Ra4 Rg1 {( -> ...Rg4+)} 65. Kd5 Rg4 66. Ra7+ Kh6 67. Ke6 Rxh4 68. Kxf6 Rf4+ {Black mates.} 69. Ke5 Rf5+ 70. Ke4 h4 {[%cal Bh5h4,Bh4h3][%mdl 32]} 71. Ra3 Kh5 72. Rb3 Rf8 73. Rb5+ g5 {[%cal Bg6g5,Bg5g4][%mdl 32]} 74. Rb1 h3 75. Rh1 g4 76. Ke3 Kh4 77. Kd4 {Precision: White = 32%, Black = 74%.} 0-1

[Event "FIDE WCCC U12 2018"]
[Site "Santiago de Compostela"]
[Date "2018.11.12"]
[Round "8"]
[White "Wang, Jason"]
[Black "Chasin, Nico"]
[Result "1-0"]
[WhiteElo "2229"]
[BlackElo "2189"]
[Annotator "TA"]
[PlyCount "81"]
[EventDate "2018.11.04"]
[EventType "swiss"]
[EventCountry "ESP"]
[SourceTitle "playchess.com"]
[Source "ChessBase"]
[SourceQuality "1"]

{[%evp 27,81,0,0,0,0,-6,0,0,0,-10,-6,0,0,0,0,0,0,-25,-27,-19,-23,-15,-3,0,0,-17,0,0,0,0,0,-21,-21,-22,-7,-53,-53,-84,-54,-50,244,228,242,235,399,392,522,233,520,518,493,405,399,409,29998,29999]} 1. d4 Nf6 2. c4 e6 3. Nf3 d5 4. Nc3 Be7 5. Qc2 O-O 6. cxd5 exd5 7. Bg5 c6 8. e3 h6 9. Bh4 Re8 10. Bd3 Ne4 11. Bxe7 Qxe7 12. O-O Nd7 13. Nd2 Ndf6 14. Rae1 Bf5 15. f3 {D36: Damengambit (Abtauschvariante)} Nxd2 16. Qxd2 Bxd3 17. Qxd3 {Die Stellung ist ausgeglichen.} Rad8 18. a3 (18. Na4 Qd6 19. Qc3 Re7 20. Qc5 Qxc5 21. Nxc5 Ne8 22. Re2 Nd6 {0-1 (47) Mueller,M (2235)-Zwanzger,J (2330) Germany 2009}) 18... b6 $146 ({Vorgänger:} 18... Rd7 19. Re2 Nh5 20. Qf5 g6 21. Qd3 Rd6 22. g3 Qg5 {½-½ (50) Fainman,T (1823)-Keinanen,T (2218) Kallithea 2016}) 19. Re2 Qd7 20. Rd1 h5 {[%cal Bh6h5,Bh5h4,Bh4h3][%mdl 32]} 21. b4 h4 22. Qd2 h3 23. g3 {[%cal Bg2g3,Bg3g4][%mdl 32]} Qf5 24. Rf1 Qg5 25. Nd1 Qh5 26. Kh1 Re6 27. g4 Qh6 28. Rg1 {[%cal Bf1g1,Bg1g3,Bg3h3][%mdl 32]} Ne8 29. Qd3 Nd6 30. Rg3 Rde8 31. Re1 b5 32. Qf1 Nc4 {[%cal Rc4e3]} 33. f4 $1 {[%cal Bf3f4,Bf4f5][%mdl 32]} Nxa3 $2 {[%mdl 8192]} (33... Nd2 $15 {bleibt weiter vorne.} 34. Qxh3 Qxh3 35. Rxh3 Nc4) 34. Rxh3 $18 Qf6 {...Dxd4! ist eine echte Drohung.} ({Jedoch nicht} 34... Qg6 $2 35. f5 $18) 35. Qd3 {Droht stark g5.} Nc4 $2 {[#]} (35... Re4 {war nötig.} 36. Qxa3 Rxf4) 36. g5 $1 {[%cal Rg5f6]} ({Schlechter ist} 36. Qh7+ Kf8 $11) 36... Qd8 37. Qh7+ Kf8 38. f5 Re4 39. Qh8+ Ke7 40. Qxg7 Qd7 (40... Kd6 $18 41. Rh6+ (41. Qxf7 Qxg5 42. Rh5 R8e7 $18) 41... Kc7 42. Qxf7+ Kb8) 41. Qf6+ {Precision: Weiß = 63%, Schwarz = 57%.} 1-0

[Event "FIDE WCCC U12 2018"]
[Site "Santiago de Compostela"]
[Date "2018.11.12"]
[Round "8"]
[White "Milikow, Elie"]
[Black "Stalmach, Richard"]
[Result "1/2-1/2"]
[WhiteElo "2173"]
[BlackElo "2028"]
[Annotator "TA"]
[PlyCount "68"]
[EventDate "2018.11.04"]
[EventType "swiss"]
[EventCountry "ESP"]
[SourceTitle "playchess.com"]
[Source "ChessBase"]
[SourceQuality "1"]

{[%evp 21,68,-5,-4,-9,-9,-9,-9,-9,-5,-12,-5,-5,-5,-5,-5,-30,-30,-30,-39,-41,-17,-17,-17,-17,-18,-34,-5,-8,-9,-21,-9,-24,-4,-25,0,-20,-21,-26,0,0,0,0,0,0,0,0,0,-8,0]} 1. e4 c5 2. Nf3 Nc6 3. d4 cxd4 4. Nxd4 e5 5. Nb5 a6 6. Nd6+ Bxd6 7. Qxd6 Qe7 8. Qxe7+ Ngxe7 9. Nc3 {B32: Sicilian: Löwenthal and Kalashnikov Variations} d5 10. exd5 (10. Bd2 Be6 11. O-O-O O-O-O 12. f3 Kc7 13. b3 f6 14. exd5 Nxd5 15. Nxd5+ Rxd5 16. Bd3 h6 17. Be4 Rd7 18. Bc3 {½-½ (73) Carlsen,M (2837)-Radjabov,T (2788) Astana 2012}) 10... Nb4 11. Bd3 Bf5 {LiveBook: 3 Games} 12. Bxf5 Nxf5 13. O-O Nxc2 14. Rb1 Rd8 $146 ({Predecessor:} 14... O-O 15. g4 Ne7 16. f4 Rad8 {0-1 (41) Kargin,A (2417)-Zwardon,V (2408) Marianske Lazne 2013}) 15. f4 e4 16. Nxe4 Rxd5 17. Bd2 Kd7 {[#] White must now prevent ...Re8.} 18. Bc3 Re8 19. Ng3 Nxg3 20. hxg3 Nd4 (20... Ne3 {is more complex.} 21. Rfe1 g6 22. Rbc1 Re4 23. Kf2 Rd3) 21. Bxd4 Rxd4 $11 {[%mdl 4096] Endgame KRR-KRR} 22. Rbd1 Ree4 23. Kf2 f6 (23... h5 {keeps more tension.} 24. Kf3 g6 25. Rc1 Re6 26. Rfd1 Rdd6) 24. Rxd4+ Rxd4 {KR-KR} 25. Ke3 Rc4 26. Kd3 Rb4 27. Kc3 a5 28. Re1 h5 29. b3 g5 30. Rh1 {The position is equal.} gxf4 31. gxf4 Rxf4 32. Rxh5 a4 33. bxa4 Rxa4 34. Rh7+ Kc6 {Precision: White = 51%, Black = 58%.} 1/2-1/2

[Event "FIDE WCCC U12 2018"]
[Site "Santiago de Compostela"]
[Date "2018.11.12"]
[Round "8"]
[White "Aizenberg, Benny"]
[Black "Macias Pino, Diego"]
[Result "1/2-1/2"]
[WhiteElo "2164"]
[BlackElo "1947"]
[Annotator "TA"]
[PlyCount "73"]
[EventDate "2018.11.04"]
[EventType "swiss"]
[EventCountry "ESP"]
[SourceTitle "playchess.com"]
[Source "ChessBase"]
[SourceQuality "1"]

{[%evp 17,73,10,112,104,108,112,101,104,107,67,88,85,125,110,135,132,127,77,73,81,79,52,69,72,81,62,77,-10,-10,-10,-10,-14,-10,-10,-10,-10,-10,-11,-10,-11,-16,-60,-7,-7,-7,-7,-7,-10,-10,-10,-10,-10,-10,-10,-7,-10,-7,-7]} 1. e4 c6 2. d4 d5 3. exd5 cxd5 4. Nf3 Nc6 5. c4 Nf6 6. Nc3 Bg4 7. cxd5 Nxd5 8. Qb3 Bxf3 9. gxf3 Nxc3 (9... e6 $11) 10. bxc3 $16 {B13: Caro-Kann: Exchange Variation and Panov-Botvinnik Attack} Qb6 11. d5 {[#] Qxb6 is the strong threat.} Qxb3 12. axb3 {White is better.} Ne5 13. Be2 $146 ({Predecessor:} 13. f4 Nd7 14. Be3 a6 15. Bg2 Rc8 16. c4 {1-0 (39) Sygulski,A (2397)-Pazdziora,M (2194) Gniezno 2007}) 13... g6 14. Be3 a6 {[#]} 15. Bd4 $1 f6 16. f4 Nd7 17. O-O Bh6 18. Be3 f5 19. Rfe1 Bg7 20. Rac1 Nf6 21. Bd4 O-O 22. Bc4 (22. c4 $16) 22... b5 $11 23. Bf1 Nxd5 {White must now prevent ...Bxd4.} 24. Bg2 Rad8 {And now ...Bxd4 would win.} 25. Bxd5+ Rxd5 26. Bxg7 Kxg7 27. Rxe7+ {[%mdl 4096] Endgame KRR-KRR} Rf7 28. Re6 Ra7 29. Rce1 a5 (29... Rd3 $15 30. Rc6 Kh6) 30. Re7+ {The position is equal.} Rxe7 31. Rxe7+ {KR-KR} Kh6 32. Ra7 b4 33. c4 Rd3 34. Rxa5 Rxb3 {With the idea ...Kh5.} 35. Rb5 Rb1+ 36. Kg2 b3 37. Rb7 {Precision: White = 52%, Black = 69%.} 1/2-1/2

[Event "FIDE WCCC U12 2018"]
[Site "Santiago de Compostela"]
[Date "2018.11.12"]
[Round "8"]
[White "Droin, Augustin"]
[Black "Murzin, Volodar"]
[Result "0-1"]
[WhiteElo "2155"]
[BlackElo "2340"]
[Annotator "TA"]
[PlyCount "68"]
[EventDate "2018.11.04"]
[EventType "swiss"]
[EventCountry "ESP"]
[SourceTitle "playchess.com"]
[Source "ChessBase"]
[SourceQuality "1"]

{[%evp 19,68,-22,21,12,66,65,60,77,56,24,34,26,57,40,14,36,16,0,0,0,0,0,10,18,40,0,0,0,0,-23,-21,-16,-14,-50,-38,-149,-151,-323,-124,-121,-132,-154,-154,-154,-150,-152,-113,-776,-764,-29982,-29983]} 1. e4 c5 2. Nf3 d6 3. d4 cxd4 4. Nxd4 Nf6 5. Nc3 a6 6. Rg1 e5 7. Nb3 Be6 8. g4 {B90: Sicilian Najdorf: Unusual White 6th moves, 6 Be3 Ng4 and 6 Be3 e5} h6 (8... d5 9. g5 Nxe4 10. Nxe4 dxe4 11. Qxd8+ Kxd8 12. Be3 Kc7 13. Bg2 Nc6 14. c3 h6 15. h4 hxg5 16. hxg5 {0-1 (58) Pridorozhni,A (2574)-Sarana,A (2641) Sochi 2018}) 9. Be3 Be7 10. Be2 Nbd7 {LiveBook: 3 Games} 11. h4 {[%cal Bh2h4,Bh4g5][%mdl 32]} g6 ({Black should try} 11... Nh7 $11) 12. g5 $146 ({Predecessor:} 12. Qd2 h5 13. g5 Ng4 14. O-O-O Qc7 15. f4 Nxe3 16. Qxe3 exf4 17. Qxf4 {0-1 (32) Gomez Barrero,S (2006)-Mateus,A (2230) Cali 2017}) 12... hxg5 13. hxg5 Nh5 {[%cal Bf6h5,Bh5g7,Bg7e6][%mdl 32]} 14. Bg4 Ng7 15. Nd5 Rc8 16. Bxe6 Nxe6 17. Qd2 Rh5 {[%cal Re6g5]} 18. Nxe7 Kxe7 19. O-O-O Qc7 20. Kb1 Rh4 21. f3 b5 22. Rh1 Rxh1 23. Rxh1 Nb6 24. Qf2 Nc4 25. Bc1 $1 Qb6 26. Qf1 Qc6 27. Rh7 (27. c3 $15) 27... a5 $17 {...Na3+! is the strong threat.} 28. c3 $2 {[#]} (28. Qf2 $17) 28... a4 $2 (28... b4 $1 $19 {is more deadly. aiming for ...bxc3.} 29. cxb4 axb4) 29. Na1 {[#] White wants to play Nc2.} b4 $1 $36 {[%cal Rb4c3][%mdl 2560] Black is on the roll.} 30. cxb4 Qb5 31. Qd1 Qxb4 {[%csl Gb4][%cal Rc4a3]} 32. Nc2 Qb6 33. a3 $2 {[%mdl 8192]} (33. Rh1 $17) 33... Qb3 $19 {( -> ...Nxa3+!)} 34. Rh2 {[#]} Nxa3+ $1 {[%mdl 512] Precision: White = 30%, Black = 62%.} 0-1

[Event "FIDE WCCC U12 2018"]
[Site "Santiago de Compostela"]
[Date "2018.11.12"]
[Round "8"]
[White "Tian, Eddy"]
[Black "Suleymanli, Suleyman"]
[Result "1/2-1/2"]
[WhiteElo "2151"]
[BlackElo "1882"]
[Annotator "TA"]
[PlyCount "142"]
[EventDate "2018.11.04"]
[EventType "swiss"]
[EventCountry "ESP"]
[SourceTitle "playchess.com"]
[Source "ChessBase"]
[SourceQuality "1"]

{[%evp 12,142,32,33,59,58,83,90,76,84,82,81,81,81,68,62,78,89,87,61,69,43,50,50,64,0,54,44,97,38,55,6,0,0,6,0,0,-46,0,-14,0,-12,-14,-36,0,0,0,-14,21,-1,0,-11,14,25,26,0,47,54,80,87,248,248,245,0,0,0,0,-3,-3,-3,-3,-3,-3,-3,-3,-3,0,0,0,-3,-3,-4,0,-90,-77,-83,-83,-145,-83,-92,-83,-91,-91,-99,-62,-97,-62,-62,-62,-62,-62,-62,-62,-62,-62,-62,-21,-62,-62,-62,-62,-62,0,-62,0,-61,-61,-61,0,-73,-61,-62,0,-62,0,-62,-62,-62,0,-62,-61,-61,0]} 1. d4 d5 2. c4 c6 3. cxd5 cxd5 4. Bf4 Nc6 5. e3 Nf6 6. Nc3 Bf5 7. Qb3 {LiveBook: 489 Games} Qd7 {D10: Slav Defence: 3 cxd5 (without early Nf3) and 3 Nc3} (7... Na5 8. Qa4+ Bd7 9. Qc2 e6 10. Bd3 Nh5 11. Be5 Nc6 12. Qe2 Nf6 13. Nf3 Nxe5 14. Nxe5 Bd6 15. O-O O-O {½-½ (28) Meier,G (2639)-Nguyen,N (2620) Batumi 2018}) 8. Nf3 e6 9. Ne5 Qc8 {White is better.} 10. Bb5 Nd7 11. Rc1 {aiming for Nxc6.} Ndxe5 12. Bxe5 ({Much worse is} 12. dxe5 $6 a6 $11) 12... f6 13. Bg3 Be7 $146 ({Predecessor:} 13... Kf7 14. O-O a6 15. Bxc6 bxc6 {1-0 (59) Sarakauskas,G (2400)-Moss,G (2014) High Wycombe 2014}) 14. O-O O-O 15. Rfd1 {Threatens to win with e4!} Kh8 16. f3 Bg6 17. e4 dxe4 18. fxe4 (18. Nxe4 $14 Rd8 19. a3) 18... Bh5 (18... Rd8 $11) 19. Be2 $14 Bf7 ({Better is} 19... Bxe2 $14 20. Nxe2 Qd7) 20. Bf2 (20. Nb5 $16) 20... Qd7 21. d5 exd5 $1 22. exd5 Ne5 23. Nb5 {And now Rc7 would win.} a6 24. Nc3 b5 25. Ne4 Rac8 26. Nc5 (26. Qe3 {seems wilder.} Rxc1 27. Qxc1 Rc8 28. Qe3 Bf8 29. d6) 26... Bxc5 27. Rxc5 Rxc5 28. Bxc5 Rc8 29. Bf2 Qd6 30. Bg3 h6 31. Kh1 Rd8 {[%cal Rf7d5]} 32. Bf3 Qc5 33. Be4 (33. Bxe5 $5 fxe5 34. Qd3 $14) 33... Rd6 34. h3 Qc4 35. Qe3 Bxd5 $2 (35... Qc8 $16) 36. Bxe5 $1 $18 fxe5 {[#]} 37. Qd3 $2 ({White must play} 37. Kh2 $1 $18) 37... Bxe4 $11 38. Qxd6 {Strongly threatening Qf8+.} Bxg2+ $1 {[%mdl 4096] Endgame KQR-KQB} 39. Kh2 Be4 40. Qf8+ Kh7 {( -> ...Qe2+)} 41. Qf2 Bg6 42. b3 Qc7 43. Rg1 e4+ 44. Qg3 Qc6 45. Rg2 Qe6 46. Qf4 Bh5 47. Qg3 (47. Rd2 $11 {keeps the balance.}) 47... Qf6 $17 48. Rf2 Bf3 49. Rf1 {[#]} (49. h4 $142) 49... a5 (49... g5 $142 $1 50. Kg1 Kg6) 50. Rf2 a4 51. bxa4 bxa4 52. Rf1 a3 53. Rf2 h5 54. h4 $1 Qd4 55. Rf1 Qc3 56. Rf2 Qe3 57. Rf1 Qd4 58. Rf2 Qd1 {[%csl Gf3][%cal Rd1h1]} 59. Qg1 {Hoping for Qxd1.} Qd6+ 60. Qg3 Qf6 61. Rf1 Qd4 62. Rf2 $1 Bg4 ({Black should play} 62... Qb6 $15) 63. Rf4 (63. Qf4 $1 $11) 63... Qd2+ $15 64. Rf2 Qc1 (64... Qd8 $15 65. Rc2 Qf6) 65. Qg1 (65. Qe5 $11 {remains equal.}) 65... Qc3 {[%csl Gg4][%cal Rc3h3]} 66. Qg2 Bf3 67. Qg3 Qf6 68. Rf1 $1 Qb2+ 69. Rf2 Qd4 70. Rf1 Qd5 71. Rf2 Qc4 {Precision: White = 58%, Black = 49%.} (71... Qf5 $15) 1/2-1/2

[Event "FIDE WCCC U12 2018"]
[Site "Santiago de Compostela"]
[Date "2018.11.12"]
[Round "8"]
[White "Bui, Bao Anh Le"]
[Black "Haack, Kevin"]
[Result "1-0"]
[WhiteElo "2101"]
[BlackElo "1911"]
[Annotator "TA"]
[PlyCount "111"]
[EventDate "2018.11.04"]
[EventType "swiss"]
[EventCountry "ESP"]
[SourceTitle "playchess.com"]
[Source "ChessBase"]
[SourceQuality "1"]

{[%evp 14,111,16,6,37,25,41,22,30,0,0,0,0,0,0,0,0,-6,32,18,54,-25,-44,-136,-125,-127,-109,-99,-101,-135,-127,-135,-33,-26,-35,-29,-42,-34,-54,-35,66,-21,0,-20,-26,-225,-232,-570,-277,-600,-277,-251,-250,-1215,-26,-17,-25,-62,595,576,956,948,1187,1089,1176,1175,1161,1147,1162,1162,1136,1135,1151,1107,1092,1075,5336,5293,29974,29975,29975,29976,29974,29977,29976,29978,29978,29979,29978,29979,29980,29981,29981,29982,29985,29986,29987,29988,29989,29990]} 1. e4 e5 2. Nf3 d6 3. Bc4 Nf6 4. d3 Be7 5. O-O O-O 6. Nbd2 {[%cal Bb1d2,Bd2f1,Bf1g3][%mdl 32]} c6 7. Re1 {C24: Bishop's Opening: 2...Nf6} Nbd7 8. a4 {LiveBook: 10 Games} (8. a3 Nc5 9. Ba2 Be6 10. Nc4 b5 11. Ne3 Bxa2 12. Rxa2 g6 13. Bd2 Re8 14. b4 Na4 {½-½ (48) Grischuk,A (2792)-Aronian,L (2815) Flor & Fjaere 2014}) 8... b6 9. Nf1 {White is slightly better.} h6 10. Ng3 Re8 11. c3 $146 ({Predecessor:} 11. Nf5 Bf8 12. c3 Qc7 13. b4 d5 14. Bb3 Bb7 {½-½ (55) Mueller,M (2307)-Maehrlein,C (2145) Germany 2010}) 11... d5 12. exd5 cxd5 13. Bb5 Bf8 14. d4 {[%cal Rd4e5]} e4 15. Ne5 Re6 16. Bf4 g5 17. Nxd7 (17. Be3 $1 $14) 17... gxf4 $11 18. Nxf6+ (18. Nxf8 $15 Qxf8 19. Nh5) 18... Qxf6 19. Qg4+ Kh8 20. Nh5 Qg5 21. Be2 Bd6 22. a5 {[#] aiming for axb6.} Rg6 (22... b5 $1 $17 {[%mdl 512]} 23. h4 (23. Bxb5 Qxg4) 23... Qxg4 24. Bxg4 Rg6 25. Bxc8 Rxc8) 23. Qxg5 $15 Rxg5 24. h4 Rg6 $36 {[%mdl 2048] Black has good play.} 25. axb6 f3 $1 26. Bf1 Bh3 ({Better is} 26... a5 $15) 27. Rxa7 ({White should try} 27. bxa7 $14 Bxg2 28. Ng3) 27... Rag8 $11 {[%cal Rg6g2] ...Rxg2+ is the strong threat.} 28. g3 Bg4 29. Rxf7 $2 (29. Ra5 $11 {and White has nothing to worry.} Bxh5 30. Rxd5) 29... Bxh5 $19 30. Ra7 $2 {[#]} (30. Rf5 {was the crucial defense.} Rf8 31. Rxh5 Bxg3 32. Ra1 (32. Rxd5 Be5+ 33. Kh1 Rg4 34. Rd8 Rxd8 35. Bh3 Rxh4 36. Rxe4 Rxh3+ 37. Kg1 Rg8+ 38. Rg4 Rxg4+ 39. Kf1 Rh1#) 32... Bxh4+ 33. Kh1 Bxf2 34. b7) 30... Bb8 (30... Rxg3+ $142 $1 {[%mdl 512]} 31. fxg3 Bxg3) 31. Rd7 $2 {[#]} (31. Ra5 Rf8 32. Kh2 (32. Rxd5 $2 Rxg3+ 33. Kh1 Bf7 $19)) 31... Rf6 (31... Rxg3+ $142 $1 {[%mdl 512]} 32. fxg3 Bxg3) 32. Kh2 Rxb6 33. Rxd5 $2 (33. b4 Bd6 34. Ra1) 33... Bf7 $2 (33... Rxb2 $19 34. Rxh5 Rxf2+ 35. Kg1 Bxg3) 34. Rb5 $11 Re6 {White must now prevent ...e3!} 35. Re3 Rg4 $2 {[%mdl 8192]} (35... Bc7 $15 {stays ahead.}) 36. Rxb8+ $18 Kh7 37. Bh3 Bh5 38. Rb7+ Kg6 39. Bxg4 Bxg4 {[%mdl 4096] Endgame KRR-KRB} 40. d5 Re8 41. d6 Bf5 42. c4 Rc8 43. d7 Rd8 44. Re1 Bxd7 45. Rd1 Bc6 46. Rxd8 {White mates.} Bxb7 {KR-KB} 47. Kg1 Kf6 48. Rb8 e3 49. fxe3 Be4 50. c5 {[%cal Bc4c5,Bc5c6][%mdl 32]} Ke7 51. b4 {[%cal Bb2b4,Bb4b5][%mdl 32]} Kd7 52. b5 Kc7 53. Rg8 Bd3 54. Rg7+ Kb8 55. c6 Bxb5 56. Rb7+ {Precision: White = 30%, Black = 34%.} 1-0

[Event "FIDE WCCC U12 2018"]
[Site "Santiago de Compostela"]
[Date "2018.11.12"]
[Round "8"]
[White "Yu, Jason"]
[Black "Ristic, Luka"]
[Result "1/2-1/2"]
[WhiteElo "2097"]
[BlackElo "1897"]
[Annotator "NA RC"]
[PlyCount "96"]
[EventDate "2018.11.04"]
[EventType "swiss"]
[EventCountry "ESP"]
[SourceTitle "playchess.com"]
[Source "ChessBase"]
[SourceQuality "1"]
[TimeControl "40/5400+30:1800+30"]

{[%evp 38,96,-79,-115,-27,-133,-35,-43,-44,-48,-28,-46,-41,-33,32,26,81,0,27,0,13,3,0,32767,0,-15,32767,-15,0,-20,42,40,181,66,71,32767,89,61,129,116,104,32767,32767,32767,71,50,42,32767,32767,32767,32767,32,32767,32767,32767,32767,32767,0,0,0,0]} 1. e4 {[%emt 0:00:00]} g6 {[%emt 0:00:00]} 2. d4 {[%emt 0:00:00]} Bg7 {[%emt 0:00:01]} 3. Nc3 {[%emt 0:00:00]} c6 {[%emt 0:00:11]} 4. Nf3 {[%emt 0:00:00]} d5 {[%emt 0:00:06]} 5. e5 {[%emt 0:04:22]} Bg4 {[%emt 0:00:18]} 6. h3 {[%emt 0:03:49]} Bxf3 {[%emt 0:01:04]} 7. Qxf3 {[%emt 0:00:41]} e6 {[%emt 0:00:05]} 8. Bd3 {[%emt 0:04:15] B15: Caro-Kann: 3 Nc3: 3...g6 and 3...dxe4 4 Nxe4 Nf6 5 Nxf6+ exf6} a6 {[%emt 0:00:44]} 9. Ne2 {[%emt 0:03:13]} c5 {[%emt 0:01:14]} 10. c3 {[%emt 0:00:53]} Nc6 {[%emt 0:00:16]} 11. Be3 $146 {[%emt 0:03:07]} ({Predecessor:} 11. Bd2 Nge7 12. b3 cxd4 13. cxd4 {1-0 (57) Munoz Pantoja,M (2456)-Oms Fuentes,L (2288) Badalona 2013}) 11... cxd4 {[%emt 0:01:19]} 12. cxd4 {[%emt 0:02:40]} Bxe5 {[%emt 0:00:22]} 13. O-O-O {[%emt 0:02:01]} Bg7 {[%emt 0:00:44]} 14. h4 {[%emt 0:00:55]} Nb4 {[%emt 0:01:35]} 15. Bb1 {[%emt 0:02:43]} Qa5 {[%emt 0:00:57]} 16. Nc3 {[%emt 0:00:41]} Rc8 {[%emt 0:00:43]} 17. a3 {[%emt 0:01:20]} Nc6 {[%emt 0:01:16]} 18. h5 {[%emt 0:01:49]} g5 {[%emt 0:01:20]} 19. h6 {[%emt 0:01:54]} Bf8 {[%emt 0:07:31]} ({Much weaker is} 19... Bxh6 $6 {[#]} 20. Rxh6 $1 {[%mdl 512]} Nxh6 21. Qf6 $14) 20. Rd3 {[%emt 0:16:19]} Qd8 {[%emt 0:10:05]} ({Not} 20... Bxh6 {[#]} 21. Rxh6 $1 {[%mdl 512]} Nxh6 22. Qf6 $16) 21. Rh5 {[%emt 0:12:28] [#]} (21. Bc2 $11) 21... Qf6 {[%emt 0:11:48]} (21... g4 $1 $17 {[%cal Rg4f3][%mdl 512]} 22. Qe2 (22. Qxg4 Nf6) 22... Nf6) 22. Bxg5 {[%emt 0:10:40]} Qxf3 {[%emt 0:00:43]} 23. gxf3 {[%emt 0:01:24]} Bd6 {[%emt 0:02:54]} 24. Kd1 {[%emt 0:04:15]} f6 {[%emt 0:00:53]} 25. Bd2 {[%emt 0:01:33]} f5 {[%emt 0:01:09]} (25... Kf7 $15) 26. Re3 {[%emt 0:05:32]} Nxd4 {[%emt 0:05:52] [#]} 27. Nxd5 {[%emt 0:03:56]} (27. Ne2 $1 $16 {[%cal Re2d4]} f4 28. Rc3) 27... Ne7 {[%emt 0:04:19]} 28. Nxe7 {[%emt 0:02:05]} Bxe7 {[%emt 0:00:42]} 29. Bc3 {[%emt 0:02:03]} Rd8 {[%emt 0:01:17]} 30. Kc1 {[%emt 0:02:29]} Kf7 {[%emt 0:13:30]} 31. Ba2 {[%emt 0:01:05]} Kg6 {[%emt 0:00:27]} 32. Rh3 {[%emt 0:02:44]} Bg5 {[%emt 0:00:12]} 33. Kb1 {[%emt 0:00:20]} Bxe3 {[%emt 0:01:19]} 34. fxe3 {[%emt 0:00:01]} Nc6 {[%emt 0:08:38]} ({Better is} 34... Nb5 $1 $14 35. Rg3+ (35. Bxh8 Rxh8 36. Bxe6 Nd6 $14) 35... Kxh6 36. Bg7+ (36. Bxh8 Rxh8 37. Bxe6 Nd6 $14) 36... Kh5) 35. Bxh8 {[%emt 0:00:19]} (35. Bxe6 $18 Rhf8 36. Rg3+ Kxh6 37. Bg7+ Kh5 38. Bxf8 Rxf8 39. Rg7) 35... Rxh8 {[%emt 0:00:07]} 36. Bxe6 {[%emt 0:00:52]} Re8 {[%emt 0:03:09]} 37. Rg3+ {[%emt 0:00:37]} Kxh6 {[%emt 0:00:50]} (37... Kf6 $1 $14 38. Bg8 Rxe3) 38. Bxf5 {[%emt 0:00:24]} Rxe3 {[%emt 0:00:17]} 39. Rh3+ {[%emt 0:00:32]} Kg5 {[%emt 0:00:06]} 40. Bxh7 {[%emt 0:00:00]} Nd4 {[%emt 0:00:00]} 41. Be4 {[%emt 0:01:46]} b5 $1 {[%emt 0:00:58]} 42. Bb7 {[%emt 0:16:50]} a5 {[%emt 0:00:19]} 43. Rg3+ {[%emt 0:00:37]} Kf4 {[%emt 0:04:37]} 44. Rg4+ {[%emt 0:01:59]} Ke5 {[%emt 0:00:08]} 45. Re4+ {[%emt 0:01:27]} Rxe4 {[%emt 0:00:04]} 46. Bxe4 {[%emt 0:00:37]} Kf4 {[%emt 0:00:29]} 47. b4 {[%emt 0:01:52]} axb4 $11 {[%emt 0:02:03]} 48. axb4 {[%emt 0:00:09]} Nxf3 {[%emt 0:00:15]} 1/2-1/2